000 00269nam a22000857a 4500
008 170821b xxu||||| |||| 00| 0 eng d
100 _aWilliams, L. N. & M.
245 _aA Century of Stamp Production
650 _aGreat Britain | Printers | Production | Waterlow & Sons Limited
999 _c2482
_d2482